Concrete technology (Record no. 4023)

000 -LEADER
fixed length control field 00455nam a22001817a 4500
001 - CONTROL NUMBER
control field 4023
003 - CONTROL NUMBER IDENTIFIER
control field BD-DhUET
008 - FIXED-LENGTH DATA ELEMENTS--GENERAL INFORMATION
fixed length control field 141111b xxu||||| |||| 00| 0 eng d
040 ## - CATALOGING SOURCE
Transcribing agency 0
Modifying agency BD-DhUET
082 ## - DEWEY DECIMAL CLASSIFICATION NUMBER
Classification number 620.136
Item number SHE/1982
100 ## - MAIN ENTRY--PERSONAL NAME
Personal name Shetty, M. S.
245 ## - TITLE STATEMENT
Title Concrete technology
Remainder of title theory and practice
250 ## - EDITION STATEMENT
Edition statement 1st ed.
260 ## - PUBLICATION, DISTRIBUTION, ETC. (IMPRINT)
Place of publication, distribution, etc. New Delhi
Name of publisher, distributor, etc. S. Chand
Date of publication, distribution, etc. 1982
300 ## - PHYSICAL DESCRIPTION
Extent xiv, 592p.
Other physical details ill.
650 #0 - SUBJECT ADDED ENTRY--TOPICAL TERM
Topical term or geographic name as entry element Concrete - Engineering
942 ## - ADDED ENTRY ELEMENTS (KOHA)
Koha item type General Book
Holdings
Koha full call number Lost status Koha collection Koha normalized classification for sorting Piece designation (barcode) Date acquired Location (home branch) Source of classification or shelving scheme Price effective from Damaged status Koha item type Koha issues (times borrowed) Koha date last seen Sublocation or collection (holding branch) Copy number Koha date last borrowed Shelving location Withdrawn status Not for loan
620.136/SHE/1982  620_000000000000000_136SHE1982583102014-11-11Central Library, BUET 2014-11-11 General Book12014-12-23Central Library, BUET22014-11-11Circulation section  
620.136/SHE/1982  620_000000000000000_136SHE1982564382014-11-16Central Library, BUET 2014-11-16 General Book12017-06-05Central Library, BUET12014-11-16Circulation section  
620.136/SHE/1982  620_136000000000000_SHE_1982583152014-11-18Central Library, BUET 2014-11-18 General Book12016-09-03Central Library, BUET32014-11-18Circulation section  
620.136/SHE/1982  620_000000000000000_136SHE1982583122014-11-26Central Library, BUET 2014-11-26 General Book22016-08-21Central Library, BUET42016-03-05Circulation section  
620.136/SHE/1982 Non Fiction620_136000000000000_SHE_1982583112015-02-05Central Library, BUET 2015-02-05 General Book 2015-02-05Central Library, BUET5 Circulation section  
620.136/SHE/1982  620_136000000000000_SHE_1982583082015-06-14Central Library, BUET 2015-06-14 Reading Item 2015-06-14Central Library, BUET6 Reading section  
620.136/SHE/1982  620_136000000000000_SHE_1982583092015-06-15Central Library, BUET 2015-06-15 Reading Item 2015-06-15Central Library, BUET7 Reading section  
620.136/SHE/1982  620_136000000000000_SHE_1982583132015-06-16Central Library, BUET 2015-06-16 Reading Item 2015-06-16Central Library, BUET8 Reading section  
620.136/SHE/1982  620_136000000000000_SHE_1982583142015-06-16Central Library, BUET 2015-06-16 Reading Item 2015-06-16Central Library, BUET9 Reading section  
620.136/SHE/1982  620_136000000000000_SHE_1982583162015-06-20Central Library, BUET 2015-06-20 Reading Item 2015-06-20Central Library, BUET10 Reading section  
620.136/SHE/1982  620_136000000000000_SHE_1982553272015-06-23Central Library, BUET 2015-06-23 Reading Item 2015-06-23Central Library, BUET11 Reading section